[Event "5eme LUCOPEN"]
[Site "Lille"]
[Date "2014.05.02"]
[Round "6"]
[White "Mahieu, Jacques"]
[Black "Vekemans, Denis"]
[Result "1/2-1/2"]
[WhiteElo "1598"]
[BlackElo "1954"]
[PlyCount "68"]
[EventDate "2014.??.??"]

1. c4 f5 2. Nc3 Nf6 3. d4 g6 4. Nf3 Bg7 5. e3 O-O 6. Be2 d6 7. O-O Nc6 8. a3
Qe8 9. b4 e5 10. dxe5 Nxe5 11. Bb2 Be6 12. Nxe5 dxe5 13. Qc2 Qf7 14. Na4 Ne4
15. Rac1 Rad8 16. Rfd1 c6 17. Ba1 Qc7 18. Nb2 a5 19. c5 axb4 20. axb4 Rxd1+ 21.
Rxd1 Rd8 22. Nc4 Rxd1+ 23. Qxd1 Ng5 24. Qd6 Qxd6 25. Nxd6 Ne4 26. Nxb7 Kf8 27.
Na5 Bd7 28. Nc4 Ke7 29. Bxe5 Nc3 30. Kf1 Nxe2 31. Kxe2 Be6 32. Bxg7 Bxc4+ 33.
Kd2 Ke6 34. Kc3 Kd5 1/2-1/2

[Event "5eme LUCOPEN"]
[Site "Lille"]
[Date "2014.05.02"]
[Round "6"]
[White "Loiseau, Quentin"]
[Black "Maiorov, Nikita"]
[Result "0-1"]
[WhiteElo "2388"]
[BlackElo "2522"]
[PlyCount "82"]
[EventDate "2014.??.??"]

1. d4 Nf6 2. c4 e6 3. Nf3 b6 4. g3 Bb7 5. Bg2 Be7 6. O-O O-O 7. Re1 d5 8. Ne5
Na6 9. Nc3 h6 10. e4 c6 11. Nxc6 Bxc6 12. exd5 exd5 13. cxd5 Bd7 14. Qe2 Qc8
15. Bxh6 Bb4 16. Bf4 Bg4 17. Qf1 Nc7 18. Rac1 Qd7 19. h3 Bf5 20. g4 Ncxd5 21.
Nxd5 Nxd5 22. Bxd5 Qxd5 23. Re5 Qxa2 24. gxf5 Qxb2 25. f6 Rfc8 26. Rb1 Qxd4 27.
Qg2 Bf8 28. Qg3 Rc4 29. Bg5 g6 30. Rbe1 Rac8 31. Re8 Qd7 32. R8e7 Bxe7 33. Rxe7
Qd5 34. Kh2 a5 35. Qe3 Qd6+ 36. Kg2 Qc6+ 37. Kh2 Rc3 38. Qe5 Qf3 39. Be3 Rxe3
40. Qxe3 Qxe3 41. fxe3 Rc6 0-1

[Event "5eme LUCOPEN"]
[Site "Lille"]
[Date "2014.05.02"]
[Round "6"]
[White "Koziak, Vitali"]
[Black "Shirazi, Kamran"]
[Result "1-0"]
[WhiteElo "2509"]
[BlackElo "2366"]
[PlyCount "70"]
[EventDate "2014.??.??"]

1. d4 Nf6 2. c4 e6 3. Nf3 d5 4. Nc3 h6 5. g3 c5 6. cxd5 Nxd5 7. Bg2 cxd4 8.
Nxd4 Nxc3 9. bxc3 e5 10. Nb5 Qb6 11. Rb1 Bc5 12. Be3 O-O 13. Bxc5 Qxc5 14. O-O
a6 15. Nd6 Ra7 16. Qd5 Qc7 17. Qxe5 b5 18. c4 bxc4 19. Nxc4 Be6 20. Rfc1 Rc8
21. Qe3 Qe7 22. Na5 Rac7 23. Nb3 Rd8 24. Rxc7 Qxc7 25. h4 Rc8 26. Rb2 Nd7 27.
Nd4 Nf6 28. Bf3 Qc4 29. Nxe6 Qxe6 30. Qxe6 fxe6 31. e3 e5 32. Rb6 a5 33. Re6
Kf7 34. Rxe5 a4 35. Bd1 Rc4 1-0

[Event "5eme LUCOPEN"]
[Site "Lille"]
[Date "2014.05.02"]
[Round "6"]
[White "Tupet, Guillaume"]
[Black "Dijkhuis, Tycho"]
[Result "0-1"]
[WhiteElo "1910"]
[BlackElo "2204"]
[PlyCount "87"]
[EventDate "2014.??.??"]

1. d4 Nf6 2. c4 c5 3. d5 e6 4. Nc3 exd5 5. cxd5 d6 6. e4 g6 7. Nf3 a6 8. a4 Bg4
9. Be2 Bxf3 10. Bxf3 Bg7 11. O-O O-O 12. Bf4 Ne8 13. Qd2 Nd7 14. Bg5 Bf6 15. h4
Nc7 16. Be2 Re8 17. Rfe1 Rb8 18. f4 Bd4+ 19. Kh2 f6 20. Bh6 Qe7 21. Bf3 f5 22.
Bg5 Qf7 23. h5 h6 24. Bh4 gxh5 25. exf5 Nf6 26. Ne4 Nxe4 27. Rxe4 Rxe4 28. Bxe4
Bxb2 29. Rb1 Bf6 30. Bf2 b5 31. Rb3 h4 32. g3 c4 33. Rf3 Qe7 34. Bb1 bxa4 35.
Re3 Qf7 36. Be4 Rb2 37. Qe1 Qg7 38. Re2 Bc3 39. Qf1 Rxe2 40. Qxe2 Bd4 41. Be1
hxg3+ 42. Bxg3 c3 43. Bd3 a5 44. Bh4 0-1

[Event "5eme LUCOPEN"]
[Site "Lille"]
[Date "2014.05.02"]
[Round "6"]
[White "Roger, Mehdi"]
[Black "Kramo, Sosthene"]
[Result "1-0"]
[WhiteElo "2202"]
[BlackElo "1944"]
[PlyCount "147"]
[EventDate "2014.??.??"]

1. e4 e5 2. Nf3 Nc6 3. d4 exd4 4. Nxd4 Nf6 5. Nc3 Bb4 6. Nxc6 bxc6 7. Bd3 d5 8.
exd5 cxd5 9. O-O O-O 10. h3 c6 11. Qf3 Bd6 12. Bg5 Rb8 13. Rab1 Re8 14. b3 h6
15. Bf4 Bxf4 16. Qxf4 Rb7 17. Rfe1 Rbe7 18. Rxe7 Qxe7 19. Qd4 Nh5 20. Ne2 Be6
21. Nf4 c5 22. Qe5 Nxf4 23. Qxf4 Bc8 24. Bb5 Bd7 25. Bxd7 Qxd7 26. Rd1 Rd8 27.
Qe3 Qd6 28. Re1 Rd7 29. Qd3 g6 30. Re8+ Kg7 31. Qe2 h5 32. h4 Kf6 33. Qf3+ Kg7
34. g3 Qf6 35. Qxf6+ Kxf6 36. Rc8 Ke5 37. Rxc5 Kd4 38. Rc8 Re7 39. Kf1 a6 40.
c4 dxc4 41. Rxc4+ Kd3 42. Rc6 Re6 43. Rc7 f6 44. Rg7 f5 45. Rc7 Kd2 46. Kg2 Ke2
47. Rd7 Rb6 48. Re7+ Kd3 49. Kf3 Kc3 50. Re5 Rd6 51. Rc5+ Kb4 52. Rc4+ Ka3 53.
Ra4+ Kb2 54. Kf4 Re6 55. Kg5 Kc3 56. Rc4+ Kb2 57. Ra4 Kc3 58. f3 Kb2 59. g4
hxg4 60. fxg4 fxg4 61. Kxg4 Kc3 62. Kg5 Kb2 63. Kh6 Rb6 64. Rg4 Kxa2 65. Rxg6
Rxb3 66. Rxa6+ Kb2 67. Rc6 Rg3 68. h5 Ka3 69. Kh7 Rg1 70. h6 Ka4 71. Kh8 Kb5
72. Rc7 Rh1 73. h7 Rd1 74. Kg8 1-0

[Event "5eme LUCOPEN"]
[Site "Lille"]
[Date "2014.05.02"]
[Round "6"]
[White "Navrotescu, Andreea-Cristiana"]
[Black "Manet, Eric"]
[Result "1-0"]
[WhiteElo "2190"]
[BlackElo "1915"]
[PlyCount "110"]
[EventDate "2014.??.??"]

1. c4 c5 2. Nc3 Nc6 3. g3 g6 4. Bg2 Bg7 5. a3 d6 6. Rb1 a5 7. e4 e5 8. Nge2
Nge7 9. O-O O-O 10. d3 Be6 11. Nd5 Rb8 12. Bd2 b6 13. b4 axb4 14. axb4 Nd4 15.
Nxd4 Bxd5 16. exd5 cxd4 17. Ra1 Ra8 18. Qb3 Qd7 19. b5 Rxa1 20. Rxa1 Nc8 21.
Qa4 f5 22. Qa8 f4 23. Qc6 Qf5 24. Be4 Qh3 25. gxf4 exf4 26. f3 Ne7 27. Qxd6 Nf5
28. Qe6+ Kh8 29. d6 Qh5 30. Ra8 Qg5+ 31. Kf1 Rxa8 32. Bxa8 h5 33. d7 Bf6 34.
Bxf4 Ne3+ 35. Bxe3 dxe3 36. Bd5 e2+ 37. Qxe2 Kh7 38. Qe4 Qc1+ 39. Kg2 Qd2+ 40.
Kh3 Qg5 41. Bf7 Kg7 42. Be6 Qc5 43. Qe2 Qg5 44. Qf2 Bd8 45. d4 Qf6 46. Qe3 Qh4+
47. Kg2 Bc7 48. Bh3 Qf6 49. Kf1 Kh7 50. Ke2 Qh4 51. f4 Kg7 52. c5 Qd8 53. Qe6
Kh7 54. f5 gxf5 55. Bxf5+ Kg7 1-0

[Event "5eme LUCOPEN"]
[Site "Lille"]
[Date "2014.03.02"]
[Round "6"]
[White "Farrington, Edward J"]
[Black "Johnsen, Gunnar"]
[Result "1/2-1/2"]
[WhiteElo "1869"]
[BlackElo "2130"]
[PlyCount "89"]
[EventDate "2014.??.??"]

1. Nc3 d5 2. e4 e6 3. Qe2 Be7 4. g3 Nf6 5. e5 Nfd7 6. f4 c5 7. Bg2 Nc6 8. Nf3
a6 9. O-O Qc7 10. d3 O-O 11. Nd1 b5 12. Nf2 a5 13. h4 Nd4 14. Nxd4 cxd4 15. c3
dxc3 16. bxc3 Ba6 17. Bb2 Nb6 18. Rac1 Rac8 19. Qg4 Na4 20. Ba1 Qd7 21. h5 h6
22. Qf3 Ba3 23. g4 Bxc1 24. Rxc1 b4 25. f5 Nxc3 26. Re1 Bb7 27. f6 g5 28. hxg6
fxg6 29. g5 h5 30. Nh3 Qf7 31. Nf4 Rc7 32. Bh3 Re8 33. Qg3 Kh7 34. Qh4 Bc8 35.
Bg4 Kh8 36. Qh3 Rc6 37. Bxc3 bxc3 38. d4 c2 39. Rc1 Qa7 40. Ne2 Kg8 41. Qd3
hxg4 42. Qxg6+ Kf8 43. Rxc2 Rxc2 44. Qxc2 Ba6 45. g6 1/2-1/2

[Event "5eme LUCOPEN"]
[Site "Lille"]
[Date "2014.05.02"]
[Round "6"]
[White "Gauer, Jacques"]
[Black "Goossens, Hanne"]
[Result "0-1"]
[WhiteElo "1868"]
[BlackElo "2112"]
[PlyCount "114"]
[EventDate "2014.??.??"]

1. e4 c5 2. c3 Nf6 3. e5 Nd5 4. Bc4 Nb6 5. Bb3 g6 6. d4 cxd4 7. cxd4 Bg7 8. Nf3
O-O 9. O-O Nc6 10. Qe2 d6 11. Rd1 Bg4 12. h3 Bxf3 13. Qxf3 Qc8 14. exd6 Nxd4
15. Qd3 exd6 16. Nc3 Nd7 17. Be3 Nc5 18. Qc4 Nce6 19. Qd5 Nf5 20. Qd3 Nc5 21.
Qd2 Nxb3 22. axb3 Nxe3 23. Qxe3 Qc5 24. Qxc5 dxc5 25. Rd7 Bxc3 26. bxc3 Rfb8
27. Re1 b6 28. Ree7 Rf8 29. Rxa7 Rxa7 30. Rxa7 Rd8 31. Rb7 Rd1+ 32. Kh2 Rd6 33.
c4 Kg7 34. f3 Kf6 35. Kg3 h5 36. h4 Ke5 37. Rxf7 Rd3 38. Re7+ Kf6 39. Re4 Rxb3
40. Kf4 b5 41. cxb5 Rxb5 42. Re8 Rb4+ 43. Kg3 Rd4 44. Rc8 c4 45. Rc6+ Kf5 46.
Rc5+ Ke6 47. f4 Kd6 48. Rc8 Kd5 49. Kf3 Rd3+ 50. Kf2 Kd4 51. Rc6 c3 52. Rxg6 c2
53. Rd6+ Kc3 54. Rc6+ Kd2 55. g4 hxg4 56. h5 c1=Q 57. Rxc1 Kxc1 0-1

[Event "5eme LUCOPEN"]
[Site "Lille"]
[Date "2014.05.02"]
[Round "6"]
[White "Hauseux, Paul"]
[Black "Faure, Stephane"]
[Result "1/2-1/2"]
[WhiteElo "1838"]
[BlackElo "2081"]
[PlyCount "147"]
[EventDate "2014.??.??"]

1. e4 e6 2. d4 c5 3. Nf3 a6 4. Bd3 cxd4 5. Nxd4 Qc7 6. Be3 Nf6 7. O-O d5 8. Nc3
e5 9. Nxd5 Nxd5 10. exd5 exd4 11. Bxd4 Be7 12. Re1 O-O 13. Qh5 f5 14. Re3 Bd6
15. Rae1 Qf7 16. Qh4 Nd7 17. Re7 Bxe7 18. Rxe7 Qg6 19. Rxg7+ Qxg7 20. Bxg7 Kxg7
21. Qg5+ Kh8 22. Qe7 Kg8 23. Bc4 b5 24. Bb3 Rf6 25. d6+ Kh8 26. Bd5 Rb8 27. Bc6
Rb6 28. Bxd7 Rbxd6 29. g4 Bxd7 30. g5 Rd1+ 31. Kg2 Bc6+ 32. f3 Rg6 33. Qf8+ Rg8
34. Qf6+ Rg7 35. Qxc6 Rxg5+ 36. Kf2 Kg7 37. Qxa6 f4 38. Ke2 Rd7 39. Qe6 Rdd5
40. Kf2 Rd2+ 41. Kf1 Rd1+ 42. Ke2 Rdd5 43. Qe7+ Kg6 44. Qe4+ Rgf5 45. Kf2 Kf6
46. Qb4 Kg5 47. Qe7+ Kg6 48. Qe6+ Kg7 49. h4 Rd2+ 50. Kf1 Rdd5 51. h5 Rxh5 52.
Qg4+ Rhg5 53. Qxf4 Rdf5 54. Qc7+ Rf7 55. Qc3+ Kg6 56. Qd3+ Rgf5 57. b3 Kg5 58.
Qd8+ Kh5 59. a4 bxa4 60. bxa4 Rxf3+ 61. Ke2 Rf2+ 62. Kd3 R7f3+ 63. Kc4 Rxc2+
64. Kb5 Rb3+ 65. Ka6 Rcb2 66. a5 Kg4 67. Qd4+ Kf3 68. Qf6+ Ke2 69. Qe7+ Kd1 70.
Qxh7 Kc1 71. Qb7 Kb1 72. Qc7 Ka2 73. Ka7 Ka3 74. a6 1/2-1/2

[Event "5eme LUCOPEN"]
[Site "Lille"]
[Date "2014.05.02"]
[Round "6"]
[White "Bauche, Timothe"]
[Black "Ledent, Philippe"]
[Result "1/2-1/2"]
[WhiteElo "2045"]
[BlackElo "1877"]
[PlyCount "84"]
[EventDate "2014.??.??"]

1. d4 Nf6 2. c4 e5 3. dxe5 Ng4 4. Bf4 g5 5. Bg3 Nc6 6. Nf3 Bg7 7. Nc3 Ngxe5 8.
Nxe5 Nxe5 9. e3 d6 10. Be2 Be6 11. O-O O-O 12. Qa4 g4 13. Rfd1 Qe7 14. Nd5 Qd8
15. Rac1 h5 16. c5 Bd7 17. Qb4 c6 18. Nc3 d5 19. e4 a5 20. Qb6 Qxb6 21. cxb6 d4
22. Na4 f5 23. Bxe5 Bxe5 24. Nc5 Bc8 25. Bc4+ Kg7 26. exf5 Rxf5 27. Bd3 Rf7 28.
Re1 Re7 29. Re2 Bf6 30. Ne4 Be6 31. Rce1 Bf7 32. a3 Rae8 33. Nxf6 Kxf6 34. Rxe7
Rxe7 35. Rxe7 Kxe7 36. Ba6 Kd6 37. Bxb7 Kc5 38. Bc8 Kxb6 39. Kf1 c5 40. Ke2 Kb5
41. Kd3 Bg6+ 42. Kd2 Be4 1/2-1/2

[Event "5eme LUCOPEN"]
[Site "Lille"]
[Date "2014.05.02"]
[Round "6.36"]
[White "Adrien, Vincent"]
[Black "Van Hoorebeke, Jimmy"]
[Result "1-0"]
[WhiteElo "2021"]
[BlackElo "1821"]
[PlyCount "101"]
[EventDate "2014.??.??"]

1. e4 c6 2. d4 d5 3. Nc3 dxe4 4. Nxe4 Bf5 5. Ng3 Bg6 6. h4 h6 7. Nf3 Nd7 8. h5
Bh7 9. Bd3 Bxd3 10. Qxd3 e6 11. Bf4 Qa5+ 12. Bd2 Bb4 13. c3 Be7 14. a4 Ngf6 15.
O-O O-O 16. Rfe1 Bd6 17. Ne4 Bc7 18. Nxf6+ Nxf6 19. Ne5 Qd5 20. Rad1 c5 21. Qh3
Qb3 22. Ng4 Nxg4 23. Qxg4 Kh8 24. dxc5 Qxb2 25. Be3 Rad8 26. Rxd8 Rxd8 27. Bd4
Rg8 28. Qe4 b6 29. Qe3 Kh7 30. Qe4+ Kh8 31. Qe3 Kh7 32. cxb6 Bxb6 33. Qe4+ Kh8
34. Re3 Bxd4 35. Qxd4 Qb8 36. Rg3 a6 37. Rd3 e5 38. Qd7 f6 39. Rg3 Qb1+ 40. Kh2
Qf1 41. Qc6 Qxf2 42. Qxa6 e4 43. Qe6 f5 44. Qe5 Kh7 45. a5 f4 46. Rg4 e3 47.
Rxf4 Qd2 48. Re4 Rd8 49. Rxe3 Rd5 50. Qe4+ Kh8 51. Qe8+ 1-0

[Event "5eme LUCOPEN"]
[Site "?"]
[Date "2014.05.02"]
[Round "6"]
[White "Arizmendi Martinez, Julen Luis"]
[Black "Lagarde, Maxime"]
[Result "1/2-1/2"]
[WhiteElo "2542"]
[BlackElo "2510"]
[PlyCount "122"]
[EventDate "2014.??.??"]
[SourceDate "2014.05.02"]

1. d4 Nf6 2. c4 g6 3. Nc3 Bg7 4. e4 d6 5. Nf3 O-O 6. Be2 Nbd7 7. O-O e5 8. Be3
Re8 9. d5 Nh5 10. g3 Bf8 11. Ne1 Ng7 12. Nd3 f5 13. f3 Nf6 14. g4 f4 15. Bf2 g5
16. b4 h5 17. h3 Kf7 18. Rc1 Be7 19. Kg2 Rh8 20. Rh1 Rh6 21. c5 Bd7 22. Nb2 Qh8
23. Nb5 Bxb5 24. Bxb5 Qh7 25. cxd6 cxd6 26. Rc7 Rh8 27. Rg1 hxg4 28. hxg4 a6
29. Bd3 Nge8 30. Rxb7 Nxg4 31. fxg4 Rh2+ 32. Kf1 Qh3+ 33. Ke1 Rxf2 34. Kxf2
Qe3+ 35. Kg2 Rh3 36. Nc4 Rg3+ 37. Kh1 Rxg1+ 38. Qxg1 Qxd3 39. Qa7 Qxe4+ 40. Kg1
Qe1+ 41. Kg2 Qe2+ 42. Kg1 Qxg4+ 43. Kf1 Qd1+ 44. Kf2 Nf6 45. Rxe7+ Kg6 46. Re6
g4 47. Rxf6+ Kxf6 48. Qc7 g3+ 49. Kg2 Qxd5+ 50. Kh3 Qh1+ 51. Kg4 Qd1+ 52. Kh3
Ke6 53. Nb6 Qh5+ 54. Kg2 Qe8 55. Qc4+ Kf6 56. Nd5+ Kf5 57. Qc7 Qh8 58. Qf7+ Kg5
59. Qe7+ Kf5 60. Qf7+ Kg5 61. Qe7+ Kf5 1/2-1/2

[Event "5eme LUCOPEN"]
[Site "Lille"]
[Date "2014.05.02"]
[Round "7"]
[White "Bachmann, Axel"]
[Black "Chatalbashev, Boris"]
[Result "1/2-1/2"]
[WhiteElo "2598"]
[BlackElo "2520"]
[PlyCount "56"]
[EventDate "2014.??.??"]

1. e4 d6 2. d4 Nf6 3. Nc3 g6 4. Bg5 c6 5. Qd2 Bg7 6. f4 b5 7. Bd3 O-O 8. Nf3
Bg4 9. f5 Bxf3 10. gxf3 Nbd7 11. Bh6 Qb6 12. fxg6 hxg6 13. Ne2 Nh5 14. O-O-O e5
15. Rdg1 Ndf6 16. Bxg7 Kxg7 17. Qg5 c5 18. Ng3 Nxg3 19. hxg3 Rh8 20. dxe5 dxe5
21. f4 c4 22. fxe5 Nd7 23. Be2 Qc5 24. Rf1 Qxe5 25. Qxe5+ Nxe5 26. Kd2 Rhd8+
27. Ke3 c3 28. Rd1 cxb2 1/2-1/2

[Event "5eme LUCOPEN"]
[Site "Lille"]
[Date "2014.05.02"]
[Round "7"]
[White "Maiorov, Nikita"]
[Black "Koziak, Vitali"]
[Result "1-0"]
[WhiteElo "2522"]
[BlackElo "2509"]
[PlyCount "87"]
[EventDate "2014.??.??"]

1. d4 d5 2. c4 c6 3. Nc3 Nf6 4. e3 a6 5. Qc2 b5 6. b3 Bg4 7. Nge2 g6 8. Ng3 Bg7
9. Bd3 O-O 10. O-O Nbd7 11. h3 dxc4 12. bxc4 Be6 13. c5 Nd5 14. Be4 Nxc3 15.
Qxc3 Bc4 16. Bxc6 Rc8 17. Bxd7 Qxd7 18. Rd1 Rxc5 19. Bb2 Rd5 20. Qc2 Rd8 21. e4
Rd6 22. d5 Bxb2 23. Qxb2 e6 24. f4 Qe7 25. Rd4 e5 26. fxe5 Qxe5 27. Nh1 f5 28.
Qc3 Qg7 29. Ng3 f4 30. Nh1 Bxd5 31. exd5 Rxd5 32. Rxd5 Qxc3 33. Rxd8+ Kg7 34.
Rad1 Qc5+ 35. R8d4 f3 36. gxf3 Qa3 37. Rd7+ Kf6 38. Ng3 Ke5 39. R1d2 Kf4 40.
Kh2 Ke3 41. Re2+ Kf4 42. Rf7+ Kg5 43. f4+ Kh6 44. Nf5+ 1-0

[Event "5eme LUCOPEN"]
[Site "Lille"]
[Date "2014.05.02"]
[Round "7"]
[White "Cawdery, Daniel"]
[Black "Friess, Nicolas"]
[Result "1-0"]
[WhiteElo "2395"]
[BlackElo "2350"]
[PlyCount "107"]
[EventDate "2014.??.??"]

1. e4 e6 2. d4 d5 3. Nd2 Be7 4. Bd3 c5 5. dxc5 Nf6 6. Qe2 O-O 7. Ngf3 a5 8. O-O
Na6 9. e5 Nd7 10. c4 Naxc5 11. Bc2 Nb6 12. Rd1 Bd7 13. b3 Qc7 14. Bb2 dxc4 15.
bxc4 Nba4 16. Bd4 Bc6 17. Rab1 Rfd8 18. Ba1 Rd7 19. Nd4 Rad8 20. N2f3 Nb6 21.
Nxc6 Rxd1+ 22. Bxd1 Qxc6 23. Bc3 Nca4 24. Bxa5 Rc8 25. Bb3 Qc5 26. Bd2 Qa3 27.
Nd4 Nc5 28. Nb5 Qa6 29. Be3 Ncd7 30. Rd1 Bc5 31. f4 Bxe3+ 32. Qxe3 Qa5 33. Nd6
Rc7 34. Nb5 Rc8 35. f5 Qb4 36. fxe6 fxe6 37. Nd6 Qc5 38. Qxc5 Rxc5 39. Nxb7 Rc7
40. c5 Nd5 41. Nd8 Nxc5 42. Nxe6 Nxe6 43. Rxd5 Kf8 44. Rb5 Ke7 45. Rb6 Nf4 46.
Kf2 Kd7 47. Rd6+ Ke7 48. Kf3 g5 49. Rh6 Kf8 50. h4 Ng6 51. hxg5 Nxe5+ 52. Ke4
Nf7 53. Bxf7 Rxf7 54. Rf6 1-0

[Event "5eme LUCOPEN"]
[Site "Lille"]
[Date "2014.05.02"]
[Round "7"]
[White "Goossens, Hanne"]
[Black "Miedema, David"]
[Result "1-0"]
[WhiteElo "2112"]
[BlackElo "2390"]
[PlyCount "115"]
[EventDate "2014.??.??"]

1. e4 e6 2. d4 d5 3. exd5 exd5 4. Bd3 Nc6 5. c3 Bd6 6. Qf3 Nge7 7. Ne2 Be6 8.
Bf4 Ng6 9. Bxd6 Qxd6 10. Nd2 O-O-O 11. Nb3 Nh4 12. Qg3 Bf5 13. Qxh4 Bxd3 14.
Qh3+ Qe6 15. Qxd3 Rde8 16. Kd2 Qh6+ 17. f4 b6 18. Qh3+ Qxh3 19. gxh3 Re6 20.
Rhe1 Rh6 21. Ng1 Rh4 22. Rf1 Re8 23. Nc1 Re4 24. Nd3 f5 25. Rf3 Na5 26. b3 Nb7
27. Ne2 Re7 28. Ne5 Nd6 29. c4 dxc4 30. bxc4 c5 31. d5 g5 32. Rc1 gxf4 33. Nd3
Ne4+ 34. Kd1 Ng5 35. Rxf4 Rxh3 36. Nf2 Rxh2 37. Rxf5 Nh3 38. Ke1 Ng1 39. Rc2
Rh4 40. Kf1 Nxe2 41. Rxe2 Rxe2 42. Kxe2 Rxc4 43. Ke3 Rc3+ 44. Kf4 c4 45. Ne4
Rd3 46. Ke5 c3 47. Rf6 h5 48. Rc6+ Kb7 49. Nxc3 h4 50. Ne4 h3 51. Rh6 Ra3 52.
Rh7+ Kb8 53. d6 Rxa2 54. Rxh3 Ra5+ 55. Ke6 Ra4 56. Nf6 Rd4 57. Rc3 b5 58. d7
1-0

[Event "5eme LUCOPEN"]
[Site "Lille"]
[Date "2014.05.02"]
[Round "7"]
[White "Soubirou, Oriane"]
[Black "Loiseau, Quentin"]
[Result "0-1"]
[WhiteElo "2060"]
[BlackElo "2388"]
[PlyCount "128"]
[EventDate "2014.??.??"]

1. d4 Nf6 2. c4 c5 3. d5 e6 4. Nc3 exd5 5. cxd5 d6 6. Nf3 g6 7. Qa4+ Nbd7 8.
Bf4 a6 9. e4 Nh5 10. Bg5 f6 11. Bh4 Rb8 12. Be2 b5 13. Qc2 Nf4 14. O-O Be7 15.
Bg3 Nxe2+ 16. Nxe2 O-O 17. a4 Ne5 18. Nd2 f5 19. Bxe5 dxe5 20. axb5 axb5 21.
Ra7 Bd6 22. Qc3 Qb6 23. Rfa1 c4 24. Ng3 f4 25. Ne2 Bb7 26. Nf3 Rfe8 27. R7a5
Bc5 28. b3 Bxf2+ 29. Kh1 cxb3 30. Qxb3 Bc8 31. Ng5 Qd6 32. Rxb5 Bd7 33. Rxb8
Rxb8 34. Qc2 Bh4 35. Nf3 Bf6 36. Rb1 Rc8 37. Qb3 g5 38. Nd2 Qc5 39. h3 Qc2 40.
Qb7 Rc7 41. Qb8+ Kf7 42. Rc1 Qxc1+ 43. Nxc1 Rxc1+ 44. Kh2 g4 45. hxg4 Bh4 46.
g3 Bxg3+ 47. Kg2 Rc2 48. Qh8 Rxd2+ 49. Kg1 Rh2 50. Qxe5 f3 51. Qxg3 Rg2+ 52.
Qxg2 fxg2 53. Kxg2 Bxg4 54. Kg3 Bd1 55. Kf4 Kg6 56. Ke5 Kg5 57. Kd6 h5 58. e5
h4 59. e6 h3 60. Ke7 h2 61. d6 h1=Q 62. d7 Qb7 63. Kd6 Qb8+ 64. Ke7 Qc7 0-1

[Event "5eme LUCOPEN"]
[Site "Lille"]
[Date "2014.05.02"]
[Round "7"]
[White "Shirazi, Kamran"]
[Black "Franck, Boris"]
[Result "1-0"]
[WhiteElo "2366"]
[BlackElo "2105"]
[PlyCount "95"]
[EventDate "2014.??.??"]

1. e4 g6 2. Nc3 Bg7 3. h4 h5 4. Nf3 c5 5. d4 cxd4 6. Nxd4 Nc6 7. Nb3 d6 8. Bg5
Be6 9. Qd2 Rc8 10. O-O-O a6 11. Kb1 b5 12. Nd5 Ne5 13. Na5 Nc4 14. Nxc4 bxc4
15. c3 Bxd5 16. Qxd5 Qc7 17. f3 Nf6 18. Qd2 a5 19. Qc2 Qc6 20. Rd4 Qb5 21. a4
Qa6 22. Qb3 cxb3 23. Bxa6 Rc7 24. e5 Nd7 25. exd6 Ra7 26. Rc4 f6 27. Re1 Ne5
28. Rxe5 fxe5 29. Rc8+ Kd7 30. dxe7 Rxc8 31. Bxc8+ Ke8 32. Be6 Rxe7 33. Bxe7
Kxe7 34. Bxb3 Bf6 35. Bc2 g5 36. Be4 Kd7 37. hxg5 Bxg5 38. Kc2 h4 39. b4 Bd8
40. Kd3 Be7 41. Kc4 Bd8 42. Kd5 Bc7 43. b5 Kc8 44. c4 Kb8 45. c5 Bd8 46. b6 Bf6
47. c6 Kc8 48. Bf5+ 1-0

[Event "5eme LUCOPEN"]
[Site "Lille"]
[Date "2014.05.02"]
[Round "7"]
[White "Dupont, Arthur"]
[Black "Daurelle, Herve"]
[Result "1-0"]
[WhiteElo "1929"]
[BlackElo "2215"]
[PlyCount "73"]
[EventDate "2014.??.??"]

1. d4 Nf6 2. c4 e6 3. Nc3 c5 4. Nf3 cxd4 5. Nxd4 a6 6. g3 Qc7 7. Qd3 Nc6 8.
Nxc6 Qxc6 9. e4 b6 10. Bg2 Bb7 11. Bd2 Ng4 12. b3 Bc5 13. O-O h5 14. h3 Ne5 15.
Qe2 h4 16. g4 Qc7 17. Kh1 Nc6 18. f4 O-O 19. g5 Nd4 20. Qh5 d5 21. cxd5 exd5
22. f5 Nxf5 23. exf5 d4 24. Ne4 Bxe4 25. Bxe4 Qg3 26. Rf3 Qe5 27. Re1 Bd6 28.
Bf4 Qa5 29. Ref1 Rae8 30. Bxd6 Rxe4 31. Bxf8 Re1 32. Bxg7 Kxg7 33. f6+ Kg8 34.
Qg4 Qd2 35. g6 Re5 36. gxf7+ Kxf7 37. Qd7+ 1-0

[Event "5eme LUCOPEN"]
[Site "Lille"]
[Date "2014.05.02"]
[Round "7"]
[White "Cottegnie, Francis"]
[Black "Kathstede, Gerd"]
[Result "0-1"]
[WhiteElo "1889"]
[BlackElo "2120"]
[PlyCount "70"]
[EventDate "2014.??.??"]

1. d4 Nf6 2. Nf3 e6 3. Bf4 d5 4. e3 Be7 5. Bd3 c5 6. c3 O-O 7. Nbd2 Bd7 8. Ne5
Bc6 9. h4 Nbd7 10. Nxc6 bxc6 11. g4 cxd4 12. exd4 c5 13. g5 Ne8 14. Rg1 Bd6 15.
Be3 e5 16. dxe5 Nxe5 17. Bc2 f5 18. gxf6 Nxf6 19. h5 Kh8 20. Bb1 Qe7 21. Kf1
Qf7 22. Rg2 Nxh5 23. a4 Rae8 24. a5 Ng4 25. Qxg4 Rxe3 26. f3 c4 27. Bc2 Rfe8
28. Rd1 g6 29. Rg1 Qe7 30. Qd4+ Qe5 31. Qxe5+ R8xe5 32. Nxc4 Rxf3+ 33. Kg2 Rg3+
34. Kh1 Rh3+ 35. Kg2 Nf4+ 0-1

[Event "5eme LUCOPEN"]
[Site "Lille"]
[Date "2014.05.02"]
[Round "7"]
[White "Bourgeois, Florian"]
[Black "Farrington, Edward J"]
[Result "0-1"]
[WhiteElo "1986"]
[BlackElo "1869"]
[PlyCount "75"]
[EventDate "2014.??.??"]

1. e4 Nc6 2. d4 e5 3. d5 Nce7 4. Bd3 Ng6 5. Ne2 Bc5 6. O-O Nf6 7. Nbc3 a6 8.
Na4 Ba7 9. b4 d6 10. c4 O-O 11. c5 Bd7 12. Ba3 Nh5 13. Nb2 Nhf4 14. Nc4 Qg5 15.
Ne3 h5 16. Kh1 h4 17. Rg1 Nxd3 18. Qxd3 f5 19. exf5 Bxf5 20. Nxf5 Qxf5 21. Qxf5
Rxf5 22. f3 a5 23. Rgc1 h3 24. Rc3 axb4 25. Bxb4 hxg2+ 26. Kxg2 Bxc5 27. Bxc5
dxc5 28. Rxc5 Rf7 29. Rc4 Ra5 30. Kg3 Rxd5 31. Rac1 c6 32. a4 Ne7 33. f4 Nf5+
34. Kf2 Nd6 35. Rb4 g5 36. Rg1 exf4 37. Rxf4 Rxf4+ 38. Nxf4 0-1

[Event "5eme LUCOPEN"]
[Site "Lille"]
[Date "2014.05.02"]
[Round "7"]
[White "Hauseux, Paul"]
[Black "Caloone, Thomas"]
[Result "0-1"]
[WhiteElo "1838"]
[BlackElo "1973"]
[PlyCount "97"]
[EventDate "2014.??.??"]

1. e4 e5 2. Nf3 Nc6 3. d4 exd4 4. Nxd4 Qh4 5. Nc3 Bb4 6. Ndb5 Ba5 7. Bd2 a6 8.
g3 Qe7 9. Na3 Nf6 10. Bg2 Bxc3 11. Bxc3 Nxe4 12. Bxe4 Qxe4+ 13. Qe2 Qxe2+ 14.
Kxe2 O-O 15. Rhe1 b5 16. Bd2 d6 17. f3 b4 18. Nc4 Nd4+ 19. Kd1 Nxf3 20. Re7
Nxd2 21. Kxd2 Be6 22. Rxc7 Rfc8 23. Rxc8+ Rxc8 24. Ne3 Rc5 25. Rf1 g5 26. Kd3
Ra5 27. Ra1 Kg7 28. c3 bxc3 29. bxc3 Kf6 30. Kd4 Rxa2 31. Rxa2 Bxa2 32. c4 Ke6
33. Nd5 a5 34. Nc7+ Kd7 35. Nb5 Bb3 36. Kc3 Bd1 37. Nd4 Kc7 38. Nf5 Kc6 39. Nh6
Bh5 40. Nf5 Kc5 41. h4 gxh4 42. gxh4 Be2 43. Ng3 Bf3 44. Nf5 a4 45. Ne3 Be2 46.
Kb2 Bxc4 47. Ng4 f5 48. Nf6 h6 49. Ng8 0-1

[Event "5eme LUCOPEN"]
[Site "Lille"]
[Date "2014.05.02"]
[Round "7"]
[White "Declercq, Jean"]
[Black "Alloui-Cros, Baptiste"]
[Result "1-0"]
[WhiteElo "1770"]
[BlackElo "1943"]
[PlyCount "77"]
[EventDate "2014.??.??"]

1. Nf3 Nf6 2. c4 g6 3. Nc3 d6 4. d4 Bg7 5. e4 O-O 6. Be2 e5 7. Be3 Ng4 8. Bg5
f6 9. Bc1 f5 10. dxe5 Nxe5 11. Qb3 c5 12. Qd1 Nbc6 13. O-O Be6 14. exf5 Rxf5
15. Nd5 Nxf3+ 16. Bxf3 Ne5 17. Be4 Rh5 18. Nf4 Qh4 19. Nxh5 Qxe4 20. Nxg7 Kxg7
21. Re1 Qc6 22. f4 Bg4 23. Qd5 Nf7 24. Bd2 Kf8 25. Bc3 Bf5 26. Qd2 a6 27. Qf2
b5 28. b3 d5 29. cxd5 Qd6 30. Re3 h5 31. Rae1 Qxd5 32. Qh4 Qd6 33. R3e2 c4 34.
bxc4 bxc4 35. Qg3 Bd3 36. Re6 Qc5+ 37. Kh1 Qf5 38. Qe3 Qb5 39. Qd4 1-0

[Event "5eme LUCOPEN"]
[Site "Lille"]
[Date "2014.05.02"]
[Round "7"]
[White "Gros, Patrick"]
[Black "Ponnet, Jean"]
[Result "1-0"]
[WhiteElo "2004"]
[BlackElo "1744"]
[PlyCount "85"]
[EventDate "2014.??.??"]

1. e4 c5 2. Nc3 Nc6 3. g3 g6 4. Bg2 Bg7 5. d3 d6 6. Be3 Nf6 7. h3 O-O 8. Nge2
e5 9. O-O Nd4 10. f4 Rb8 11. Qd2 b5 12. Nd1 b4 13. c3 bxc3 14. bxc3 Nxe2+ 15.
Qxe2 Nh5 16. Kh2 exf4 17. gxf4 f5 18. e5 Bb7 19. Bxb7 Rxb7 20. Qf3 Rd7 21. d4
cxd4 22. cxd4 dxe5 23. fxe5 Qc7 24. Rc1 Qb7 25. Nc3 Re8 26. Na4 Bf8 27. Qxb7
Rxb7 28. Rc6 Ng7 29. Rfc1 Rb4 30. Ra6 Rb7 31. Rc2 Be7 32. d5 g5 33. d6 f4 34.
Rxa7 Rxa7 35. Bxa7 Bf8 36. d7 Rd8 37. Rd2 Ne6 38. Bb6 Ra8 39. Nc3 Be7 40. Nd5
Bd8 41. Bxd8 Nxd8 42. e6 Nxe6 43. Nc7 1-0